KOHA-Header-6

Software Methods for Business Reengineering (Record no. 2749)

000 -LEADER
fixed length control field 00311nam a2200121Ia 4500
008 - FIXED-LENGTH DATA ELEMENTS--GENERAL INFORMATION
fixed length control field 190902s9999||||xx |||||||||||||| ||und||
020 ## - INTERNATIONAL STANDARD BOOK NUMBER
International Standard Book Number 0-09-177731-3
100 ## - MAIN ENTRY--PERSONAL NAME
Personal name Alfs Berztiss
245 #0 - TITLE STATEMENT
Title Software Methods for Business Reengineering
260 ## - PUBLICATION, DISTRIBUTION, ETC. (IMPRINT)
Place of publication, distribution, etc India
Name of publisher, distributor, etc The McGraw-Hill
Date of publication, distribution, etc 1996
300 ## - PHYSICAL DESCRIPTION
Extent 275
942 ## - ADDED ENTRY ELEMENTS (KOHA)
Koha item type Books
Holdings
Withdrawn status Lost status Source of classification or shelving scheme Damaged status Not for loan Collection code Permanent Location Current Location Shelving location Date acquired Total Checkouts Barcode Date last seen Date checked out Price effective from Koha item type
          Computer Science MAJU MAJU Shelf No.A33 2019-09-02 1 6406 2024-09-04 2024-02-23 2019-09-02 Computer Science

Powered by Koha